Statistiques concernant Noms de pays mélangés

Cliquez ici pour prendre le quiz!

Statistiques générales

  • Ce quiz a été pris 172 fois
  • Le résultat moyen est 42 sur 50

Statistiques - réponses

HintRéponse% Correct
qufreia ud dsuAfrique du sud
97%
nihceChine
97%
gypeetEgypte
97%
cregeGrece
97%
tialeiItalie
96%
danaacCanada
96%
oceer du usdCoree du sud
96%
edniInde
96%
quiemexMexique
95%
hliicChili
95%
isusesSuisse
95%
nriaIran
94%
pjonaJapon
94%
baucCuba
94%
kraiIrak
94%
nacerfFrance
93%
usdeeSuede
93%
geallemnaAllemagne
92%
ouprePerou
92%
suirseRussie
92%
gscaaardamMadagascar
90%
silrebBresil
90%
roece ud rodnCoree du nord
90%
cromaMaroc
90%
nadfleinFinlande
87%
ghanafistnaAfghanistan
87%
napkisatPakistan
85%
uovelenl ladenzeNouvelle zelande
85%
quuiretTurquie
85%
bulqeiegBelgique
84%
goolnepPologne
84%
grentiaenArgentine
83%
gluprtoaPortugal
83%
vgeroenNorvege
83%
saett-suinEtats-unis
82%
gpsenaeEspagne
80%
lierastauAustralie
77%
daerlinIrlande
76%
grineNiger
74%
yugaruaUruguay
73%
kreamndaDanemark
71%
yamerou niuRoyaume uni
71%
saleidnIslande
69%
belimocoColombie
66%
goolmineMongolie
64%
bairie doutaiseArabie saoudite
59%
traechiuAutriche
57%
byaspsaPays bas
53%
naurikeUkraine
48%
mevintaVietnam
42%

Distribution des résultats

Percentile par nombre de réponses

% des personnes avec chaque résultat

Votre développement - résultats

Vous n’avez pas pris ce quiz